02376cam a2200313 i 4500003000900000005001700009008004100026040003300067050001400100082002100114090002100135100009100156245009300247250003300340264008900373300002900462336003600491337003500527338002900562504006300591650004800654650005200702856055400754856056501308942001701873949003801890952011701928999001702045SA-RiAUC20251021083053.0251020s1985 su g b 00010 ara c aSA-AhKFUbaracSA-RiAUCerda 4b.M87 198504a252.27qSA-RiAUC a252.27bم ط ي1 aالمطيري، فيحان بن شالي بن عتيق،d1364 هجري-eمؤلف.12aالإمداد بأحكام الحداد /cفيحان بن شالي المطيري. aالطبعة الأولى. 1aجدة، السعودية :bدار المدني للنشر والتوزيع،c1985 a127 صفحة ؛c24 سم aنصbtxt2rdacontent3كتاب aبدون وسيطbn2rdamedia aمجلدbnc2rdacarrier aيشتمل على إرجاعات ببليوجرافية. 7aالحداد (فقه إسلامي)2aucsh 7aالجنائز (فقه إسلامي)2aucsh uhttp://www.saaid.net/book/7/1178.docyDigital Copy2 نرجو الانتباه لإمكانية وجود اختلاف في الطبعة أو الناشر بين البيانات على البوابة وما ستجده على الكتاب نظرا لمحدودية المعلومات المتاحة على الموقع الناشر للمادة.3Please note that there may be a difference in the edition or publisher between the data on the portal and the book due to the limited information available on the publisher website for the material. uhttp://saaid.net/book/open.php?cat=4&book=2078yExternal Link2 نرجو الانتباه لإمكانية وجود اختلاف في الطبعة أو الناشر بين البيانات على البوابة وما ستجده على الكتاب نظرا لمحدودية المعلومات المتاحة على الموقع الناشر للمادة.3Please note that there may be a difference in the edition or publisher between the data on the portal and the book due to the limited information available on the publisher website for the material. 2ddccBOOKn0 aSA-JeALMd251020umohamedma123n1 00102ddc4070aWAHABbWAHABd2025-10-21l0o252.27 م ط يp000020447r2025-10-21 08:31:26w2025-10-21yBOOK c12682d12682